[Event "59th ch-RUS 1st League"]
[Site "Tomsk RUS"]
[Date "2006.09.06"]
[Round "4"]
[White "Belov,Vl"]
[Black "Khairullin,I"]
[Result "1/2-1/2"]
[WhiteElo "2598"]
[BlackElo "2538"]
[EventDate "2006.09.03"]

1. e4 e5 2. Nf3 Nc6 3. Bb5 a6 4. Ba4 Nf6 5. O-O Be7 6. Re1 b5 7. Bb3 d6 8.
c3 O-O 9. h3 Nb8 10. d4 Nbd7 11. Nbd2 Bb7 12. Bc2 Re8 13. Nf1 Bf8 14. Ng3
g6 15. b3 c6 16. a4 Qc7 17. Bg5 Bg7 18. Qd2 Nf8 19. Bh6 Ne6 20. b4 a5 21.
Bxg7 Kxg7 22. axb5 cxb5 23. bxa5 Rec8 24. Bb3 Nf4 25. Re3 Re8 26. Ng5 Rf8
27. Qa2 h6 28. Nf3 Ra6 29. Qa3 Rfa8 30. Qb4 Rxa5 31. Rxa5 Rxa5 32. Kh2 Nd7
33. Ne2 Nc5 34. Bc2 Nxe2 35. Rxe2 Ne6 36. Bb3 Nc5 37. Bc2 Ne6 1/2-1/2

[Event "59th ch-RUS 1st League"]
[Site "Tomsk RUS"]
[Date "2006.09.06"]
[Round "4"]
[White "Zakhartsov,V"]
[Black "Grigoriants,S RUS"]
[Result "1/2-1/2"]
[WhiteElo "2548"]
[BlackElo "2579"]
[EventDate "2006.09.03"]

1. d4 d5 2. c4 c6 3. Nf3 Nf6 4. Nc3 dxc4 5. a4 Bf5 6. Ne5 Nbd7 7. Nxc4 Nb6
8. Ne5 a5 9. g3 e6 10. Bg2 Bb4 11. O-O O-O 12. e3 h6 13. Qe2 Bh7 14. Rd1
Nfd7 15. Nxd7 Nxd7 16. e4 Qe7 17. Be3 Rfd8 18. d5 Bc5 1/2-1/2

[Event "59th ch-RUS 1st League"]
[Site "Tomsk RUS"]
[Date "2006.09.06"]
[Round "4"]
[White "Kobalia,M"]
[Black "Anisimov,P"]
[Result "1-0"]
[WhiteElo "2647"]
[BlackElo "2515"]
[EventDate "2006.09.03"]

1. e4 c5 2. Nf3 d6 3. d4 cxd4 4. Nxd4 Nf6 5. Nc3 a6 6. Be3 e5 7. Nb3 Be6 8.
Qd2 Be7 9. f4 Qc7 10. O-O-O Nbd7 11. h3 b5 12. g4 h6 13. Nd5 Bxd5 14. exd5
Rc8 15. Rh2 exf4 16. Bxf4 Nb6 17. Qg2 O-O 18. Kb1 Nc4 19. Bc1 Nd7 20. h4
Nde5 21. Nd4 b4 22. Be2 Rb8 23. g5 h5 24. Bxh5 Rfc8 25. Bg4 Re8 26. Bf5 a5
27. h5 a4 28. g6 1-0

[Event "59th ch-RUS 1st League"]
[Site "Tomsk RUS"]
[Date "2006.09.06"]
[Round "4"]
[White "Korotylev,A"]
[Black "Andreikin,D"]
[Result "1/2-1/2"]
[WhiteElo "2613"]
[BlackElo "2503"]
[EventDate "2006.09.03"]

1. Nf3 Nf6 2. c4 c5 3. Nc3 Nc6 4. d4 cxd4 5. Nxd4 g6 6. e4 Bg7 7. Nc2 d6 8.
Be2 Nd7 9. Bd2 Nc5 10. O-O O-O 11. b4 Ne6 12. Rc1 a5 13. b5 Ncd4 14. Nxd4
Bxd4 15. Nd5 b6 16. Bg4 Bg7 17. Bxe6 fxe6 18. Be3 Rb8 19. Nc3 Bb7 20. Qg4
Bc8 21. Na4 Bd7 22. Qe2 Qc7 23. f3 Rb7 24. Qf2 Rfb8 25. Rfd1 Be8 26. f4 e5
27. fxe5 Bxe5 28. Rf1 Bg7 29. Kh1 h6 30. h3 Kh7 31. Bd4 e5 32. Be3 g5 33.
Qe2 Rc8 34. Rfd1 Bg6 35. Qd3 Bf8 36. Re1 Bf7 37. Qf1 Bg6 38. Qf2 Rcb8 39.
h4 Be7 40. hxg5 hxg5 41. Qg3 Rh8 42. Bxg5 Bxg5 43. Qxg5 Kg7+ 44. Kg1 Rh5
45. Qe3 Qd8 46. Nc3 Qh4 47. Qh3 Qg5 48. Qe3 Qh4 49. Qh3 Qf4 50. Nd5 1/2-1/2

[Event "59th ch-RUS 1st League"]
[Site "Tomsk RUS"]
[Date "2006.09.06"]
[Round "4"]
[White "Kabanov,N"]
[Black "Maletin,P"]
[Result "0-1"]
[WhiteElo "2514"]
[BlackElo "2543"]
[EventDate "2006.09.03"]

1. e4 c5 2. Nc3 Nc6 3. g3 g6 4. Bg2 Bg7 5. d3 d6 6. f4 e5 7. Nh3 exf4 8.
Bxf4 Nge7 9. O-O h6 10. Be3 Ne5 11. Kh1 g5 12. Nf2 O-O 13. Bd2 Be6 14. Nd5
f5 15. Qe2 Nxd5 16. exd5 Bd7 17. Bc3 Qe8 18. Rae1 Qg6 19. Qd1 Rae8 20. Rg1
Re7 21. Rgf1 Rfe8 22. a3 h5 23. Qc1 Ng4 24. Nxg4 hxg4 25. Rxe7 Rxe7 26. Re1
Qe8 27. Rxe7 Qxe7 28. Bd2 Bf6 29. b3 Kg7 30. a4 Kg6 31. Qe1 Be5 32. Bc1 Qf6
33. Be3 Kg7 34. Bf2 f4 35. Be4 f3 36. Kg1 Kf7 37. Qd2 Bd4 38. Qc1 Bf5 39.
Bxf5 Qxf5 40. Bxd4 cxd4 41. Qf1 Qe5 42. Qd1 0-1

[Event "59th ch-RUS 1st League"]
[Site "Tomsk RUS"]
[Date "2006.09.06"]
[Round "4"]
[White "Yudin,S"]
[Black "Vorobiov,E"]
[Result "1/2-1/2"]
[WhiteElo "2475"]
[BlackElo "2539"]
[EventDate "2006.09.03"]

1. e4 c5 2. c3 d5 3. exd5 Qxd5 4. d4 Nf6 5. Nf3 e6 6. Be3 cxd4 7. cxd4 Bb4+
8. Nc3 O-O 9. Bd3 b6 10. O-O Bxc3 11. bxc3 Ba6 12. Bxa6 Nxa6 13. Qa4 Nb8
14. c4 Qc6 15. Qb4 Qc7 16. Rac1 Nc6 17. Qb5 Ng4 18. c5 Ne7 19. Bg5 Nd5 20.
Bh4 Rfc8 21. Bg3 Qc6 22. Qe2 Nh6 23. Ne5 Qa4 24. Rfe1 Qe8 25. Nc4 Nf5 26.
Nd6 Nxd6 27. cxd6 Rxc1 28. Rxc1 Rc8 29. Qd2 Rxc1+ 30. Qxc1 f6 31. h4 a5 32.
a4 h6 33. Qc4 1/2-1/2

[Event "59th ch-RUS 1st League"]
[Site "Tomsk RUS"]
[Date "2006.09.06"]
[Round "4"]
[White "Gochelashvili,D"]
[Black "Chernyshov,K"]
[Result "1-0"]
[WhiteElo "2448"]
[BlackElo "2537"]
[EventDate "2006.09.03"]

1. d4 e6 2. Nf3 f5 3. Bf4 Nf6 4. e3 b6 5. Nbd2 Bb7 6. c3 Bd6 7. Qc2 Bxf4 8.
exf4 O-O 9. Bd3 Qe8 10. O-O-O Qg6 11. g3 Qh5 12. Be2 Ne4 13. Ng1 Qg6 14.
Bf3 d5 15. Nxe4 fxe4 16. Bg2 Ba6 17. f3 Bd3 18. Qd2 c5 19. fxe4 dxe4 20.
Qe1 Nd7 21. Rxd3 exd3 22. Bxa8 Rxa8 23. Nf3 Rd8 24. Qe3 cxd4 25. Qxd4 Qf6
26. Qxd3 Ne5 27. Qe2 Nxf3 28. Qxf3 e5 29. Rd1 Rxd1+ 30. Kxd1 exf4 31. Qa8+
Kf7 32. Qxa7+ Kg6 33. gxf4 Qc6 34. a4 h5 35. h4 Kf6 36. Qa6 Kf7 37. Kc2
Qe4+ 38. Kb3 Qxf4 39. Qb7+ Kg8 40. Qxb6 Qxh4 41. a5 Qe4 42. a6 Qd5+ 43. Ka3
Kh7 44. Qb7 Qd6+ 45. Ka4 Qe6 46. b3 Qe8+ 47. Ka3 Qf8+ 48. b4 Qf6 49. Kb2
Qf2+ 50. Kb3 Qe2 51. a7 Qd1+ 52. Kc4 Qf1+ 53. Kc5 Qf2+ 54. Kb5 Qf5+ 55. Ka4
Qc2+ 56. Ka5 Qa2+ 57. Kb5 Qe2+ 58. c4 Qe5+ 59. Qd5 Qe8+ 60. Ka5 1-0

[Event "59th ch-RUS 1st League"]
[Site "Tomsk RUS"]
[Date "2006.09.06"]
[Round "4"]
[White "Zvjaginsev,V"]
[Black "Kharitonov,Alexandr"]
[Result "1-0"]
[WhiteElo "2675"]
[BlackElo "2514"]
[EventDate "2006.09.03"]

1. e4 c6 2. d4 d5 3. f3 e6 4. Nc3 Bb4 5. a3 Bxc3+ 6. bxc3 dxe4 7. Qe2 exf3
8. Nxf3 Nf6 9. Qe3 Nbd7 10. Bd3 b6 11. O-O Bb7 12. Qg5 Rg8 13. a4 c5 14.
Ne5 h6 15. Qg3 Nxe5 16. dxe5 Nd7 17. Bxh6 Qc7 18. Rxf7 O-O-O 19. Bh7 Rh8
20. Rxg7 Qc6 21. Bg5 Rde8 22. Rd1 Nf8 23. Bg8 Kb8 24. Bf6 Rh6 25. Qg5 Rh3
26. Rxb7+ Qxb7 27. gxh3 1-0

[Event "59th ch-RUS 1st League"]
[Site "Tomsk RUS"]
[Date "2006.09.06"]
[Round "4"]
[White "Lastin,A"]
[Black "Voitsekhovsky,S"]
[Result "1-0"]
[WhiteElo "2613"]
[BlackElo "2494"]
[EventDate "2006.09.03"]

1. e4 c5 2. Nf3 d6 3. d4 cxd4 4. Nxd4 Nf6 5. Nc3 Nc6 6. Bg5 e6 7. Qd2 a6 8.
O-O-O Bd7 9. f4 b5 10. Bxf6 gxf6 11. Kb1 Qb6 12. Nxc6 Bxc6 13. f5 Qc5 14.
Bd3 O-O-O 15. Rhf1 Be7 16. Qe2 Bd7 17. Qh5 Rdf8 18. Rf3 h6 19. Rg3 Qe5 20.
a4 bxa4 21. Bxa6+ Kc7 22. Na2 Rb8 23. Rc3+ Kd8 24. Qxf7 Rf8 25. Qh5 exf5
26. exf5 Bxf5 27. Qxh6 Be4 28. Qe3 f5 29. Qa7 d5 30. Bb7 a3 31. Nb4 Bxb4
32. Bxd5 Bd6 33. Bb3 Rc8 34. Ba4 Qe6 35. Qg7 a2+ 36. Ka1 Qe7 37. Qh6 Rf6
1-0

[Event "59th ch-RUS 1st League"]
[Site "Tomsk RUS"]
[Date "2006.09.06"]
[Round "4"]
[White "Yemelin,V"]
[Black "Galkin,A"]
[Result "1/2-1/2"]
[WhiteElo "2516"]
[BlackElo "2600"]
[EventDate "2006.09.03"]

1. e4 c6 2. d4 d5 3. exd5 cxd5 4. c4 Nf6 5. Nc3 e6 6. Nf3 Be7 7. cxd5 Nxd5
8. Bd3 Nc6 9. O-O O-O 10. Re1 Nf6 11. a3 b6 12. Bg5 Bb7 13. Bc2 Nd5 14. Qd3
g6 15. Bh6 Re8 16. Rad1 Nxc3 17. bxc3 Qd5 18. c4 Qh5 19. Bc1 Bf6 20. Qe3
Kg7 21. Be4 Rab8 22. Bb2 Na5 23. Qc1 Qh6 24. Qc2 Bxe4 25. Rxe4 Kg8 26. d5
Bxb2 27. Qxb2 exd5 28. Rxe8+ Rxe8 29. cxd5 1/2-1/2

[Event "59th ch-RUS 1st League"]
[Site "Tomsk RUS"]
[Date "2006.09.06"]
[Round "4"]
[White "Nechepurenko,R"]
[Black "Amonatov,F"]
[Result "1/2-1/2"]
[WhiteElo "2463"]
[BlackElo "2542"]
[EventDate "2006.09.03"]

1. d4 d5 2. c4 c6 3. Nc3 Nf6 4. e3 a6 5. Qc2 e6 6. Nf3 c5 7. cxd5 exd5 8.
Be2 Nc6 9. O-O Be7 10. dxc5 Bxc5 11. a3 O-O 12. b4 Ba7 13. Bb2 Be6 14. b5
axb5 15. Nxb5 Bb8 16. Rfd1 Qe7 17. Rac1 Re8 18. Ng5 h6 19. Bxf6 Qxf6 20.
Qh7+ Kf8 21. Nxe6+ fxe6 22. Bh5 Rc8 23. g3 Ke7 24. e4 Rh8 25. Qxh8 Bxg3 26.
fxg3 Rxh8 27. exd5 Qe5 28. dxc6 bxc6 29. Nd4 Qxh5 30. Re1 Kf7 31. Rxc6 Rd8
32. Rc7+ Kg8 33. Nxe6 Re8 34. Rxg7+ Kh8 35. Rd7 Qb5 36. Rdd1 Qb6+ 37. Kg2
Rxe6 38. Rxe6 Qxe6 39. Rf1 Qa2+ 40. Rf2 Qxa3 41. Rf4 Kg7 42. Rh4 Qe3 43.
Rf4 Kg6 44. Rh4 Qe2+ 45. Kg1 Kf5 46. Rf4+ Ke5 47. Rh4 h5 48. Rf4 1/2-1/2

[Event "59th ch-RUS 1st League"]
[Site "Tomsk RUS"]
[Date "2006.09.06"]
[Round "4"]
[White "Karpov,Va"]
[Black "Shomoev,A"]
[Result "1/2-1/2"]
[WhiteElo "2411"]
[BlackElo "2528"]
[EventDate "2006.09.03"]

1. d4 Nf6 2. Nf3 g6 3. Bg5 Bg7 4. Nbd2 c5 5. Bxf6 Bxf6 6. Ne4 Bxd4 7. Nxd4
cxd4 8. Qxd4 O-O 9. c4 Nc6 10. Qd2 d6 11. Nc3 Be6 12. e3 Qa5 13. Be2 Rfc8
14. Rc1 Qg5 15. O-O a6 16. Nd5 Bxd5 17. cxd5 Nd8 18. f4 Qf5 19. Bf3 Rxc1
20. Rxc1 Rc8 21. Kf2 Qd7 22. Rc3 1/2-1/2

[Event "59th ch-RUS 1st League"]
[Site "Tomsk RUS"]
[Date "2006.09.06"]
[Round "4"]
[White "Karalkin,M"]
[Black "Riazantsev,A"]
[Result "0-1"]
[WhiteElo "2332"]
[BlackElo "2622"]
[EventDate "2006.09.03"]

1. e4 c6 2. d4 d5 3. exd5 cxd5 4. c4 Nf6 5. Nc3 e6 6. Nf3 Bb4 7. cxd5 Nxd5
8. Qc2 Nc6 9. Be2 Nce7 10. O-O Bd7 11. Ne4 Rc8 12. Qb3 Bc6 13. Ne5 O-O 14.
Rd1 Nf5 15. Nxc6 bxc6 16. a3 Be7 17. Qc4 Qb6 18. b4 Rfd8 19. Bf3 h6 20. g3
a5 21. bxa5 Qxa5 22. Rb1 Bxa3 23. Bxa3 Qxa3 24. Rb3 Qa2 25. Rd2 Qa5 26. Qc5
Qc7 27. Kg2 Rd7 28. Qc2 Nde7 29. Qb2 Rcd8 30. Rb4 Nd5 31. Rb3 Nf4+ 32. gxf4
Qxf4 33. Rdd3 Nh4+ 34. Kf1 Nxf3 35. Nc5 Nxh2+ 36. Kg2 Rxd4 37. Rg3 Ng4 38.
Rbf3 Qc7 39. Nb3 Rc4 40. Nd2 Ra4 41. Rb3 Qe5 42. Qc2 Qf5 0-1

[Event "59th ch-RUS 1st League"]
[Site "Tomsk RUS"]
[Date "2006.09.06"]
[Round "4"]
[White "Arzhenkov,G"]
[Black "Shabanov,Y"]
[Result "1/2-1/2"]
[WhiteElo "2371"]
[BlackElo "2443"]
[EventDate "2006.09.03"]

1. e4 e5 2. Nf3 Nc6 3. Bb5 a6 4. Bxc6 dxc6 5. Nc3 f6 6. d4 exd4 7. Qxd4
Qxd4 8. Nxd4 Bd7 9. Be3 O-O-O 10. f3 Bd6 11. Kf2 Ne7 1/2-1/2

[Event "59th ch-RUS 1st League"]
[Site "Tomsk RUS"]
[Date "2006.09.06"]
[Round "4"]
[White "Tsigelnitskiy,I"]
[Black "Gubajdullin,A"]
[Result "1-0"]
[WhiteElo "2404"]
[BlackElo "2431"]
[EventDate "2006.09.03"]

1. e4 c5 2. Nf3 d6 3. d4 cxd4 4. Nxd4 Nf6 5. Nc3 e6 6. Be2 Be7 7. O-O Nc6
8. Be3 O-O 9. f4 Bd7 10. Kh1 Nxd4 11. Qxd4 Bc6 12. a4 Re8 13. Bf3 a6 14. a5
Rc8 15. Qd2 Qc7 16. Bb6 Qb8 17. Qf2 Nd7 18. Bd4 Bf8 19. Bg4 Re7 20. e5 f5
21. exf6 Nxf6 22. Bxf6 gxf6 23. Rfe1 f5 24. Bh5 Rg7 25. Bf3 1-0

[Event "59th ch-RUS 1st League"]
[Site "Tomsk RUS"]
[Date "2006.09.07"]
[Round "5"]
[White "Timofeev,Arty"]
[Black "Smirnov,P"]
[Result "1-0"]
[WhiteElo "2657"]
[BlackElo "2613"]
[EventDate "2006.09.03"]

1. e4 c5 2. Nf3 Nc6 3. d4 cxd4 4. Nxd4 Nf6 5. Nc3 e5 6. Ndb5 d6 7. Bg5 a6
8. Na3 b5 9. Nd5 Be7 10. Bxf6 Bxf6 11. c3 Bg5 12. Nc2 O-O 13. a4 bxa4 14.
Rxa4 a5 15. Bc4 Bd7 16. Nce3 g6 17. b3 Kh8 18. h4 Bh6 19. Ra2 Ne7 20. Nf6
Be6 21. h5 Bxc4 22. Nxc4 Bg5 23. hxg6 Bxf6 24. Qh5 1-0

[Event "59th ch-RUS 1st League"]
[Site "Tomsk RUS"]
[Date "2006.09.07"]
[Round "5"]
[White "Lysyj,I"]
[Black "Kobalia,M"]
[Result "1/2-1/2"]
[WhiteElo "2547"]
[BlackElo "2647"]
[EventDate "2006.09.03"]

1. d4 d5 2. c4 c6 3. Nf3 Nf6 4. e3 a6 5. Bd3 Bg4 6. Nbd2 e6 7. Qc2 Nbd7 8.
b3 c5 9. O-O Rc8 10. Bb2 Bd6 11. Rac1 cxd4 12. exd4 dxc4 13. bxc4 O-O 14.
Ne5 Bh5 15. h3 Re8 16. Nb3 Bg6 17. Nxg6 hxg6 18. Rfd1 e5 19. dxe5 Bxe5 20.
c5 Bf4 21. Rb1 Bb8 22. g3 Qc7 23. Rbc1 Ne5 24. Bf1 Nf3+ 25. Kh1 Ne4 26. Nd4
Nxd4 27. Bxd4 Rcd8 28. Bg2 f5 29. Kg1 Kh7 30. Rd3 Rd7 31. Rcd1 Rde7 32. Re3
Ng5 33. Rde1 Ne6 34. Qc4 Nxd4 35. Qxd4 g5 36. Qd5 Rxe3 37. Rxe3 Rxe3 38.
fxe3 Qxg3 39. Qxf5+ g6 40. Qf7+ Kh6 41. Qf8+ Kh7 42. Kf1 Qe5 43. Qf7+ Kh6
44. Bxb7 Qxc5 45. Be4 Qd6 46. Ke2 Qh2+ 47. Kd3 Qd6+ 48. Ke2 1/2-1/2

[Event "59th ch-RUS 1st League"]
[Site "Tomsk RUS"]
[Date "2006.09.07"]
[Round "5"]
[White "Nepomniachtchi,I"]
[Black "Belov,Vl"]
[Result "1/2-1/2"]
[WhiteElo "2520"]
[BlackElo "2598"]
[EventDate "2006.09.03"]

1. e4 e5 2. Nf3 Nc6 3. Bb5 a6 4. Ba4 Nf6 5. O-O Be7 6. Re1 b5 7. Bb3 d6 8.
c3 O-O 9. h3 Nb8 10. d4 Nbd7 11. Nbd2 Bb7 12. Bc2 Re8 13. b3 c6 14. Bb2 Bf8
15. a4 Qc7 16. c4 exd4 17. Nxd4 b4 18. Qf3 g6 19. c5 dxc5 20. Ne2 Bg7 21.
Nc4 Nh5 22. Bxg7 Nxg7 23. Rad1 Ne5 24. Qg3 Re7 25. Nxe5 Rxe5 26. Bd3 Rae8
27. Bc4 Bc8 28. Nc1 Nh5 29. Qf3 Be6 30. Nd3 Bxc4 31. Nxe5 Bxb3 32. Qxb3
Qxe5 33. Rd7 Re6 34. Qc4 Nf4 35. h4 Rf6 36. Qxa6 Qe6 37. Qc8+ Kg7 38. e5
Rf5 39. Rd8 Qxc8 40. Rxc8 Nd3 41. Rb1 c4 42. Rxc6 c3 43. Rd1 Nxe5 44. Rc7
Rf4 45. Rb1 Nd3 46. a5 Rf6 47. Rd1 Ne5 48. Rc5 Rc6 49. Rxe5 c2 50. Rc1 b3
51. Rb5 Rd6 52. Rxb3 1/2-1/2

[Event "59th ch-RUS 1st League"]
[Site "Tomsk RUS"]
[Date "2006.09.07"]
[Round "5"]
[White "Grigoriants,S RUS"]
[Black "Chuprov,D"]
[Result "1-0"]
[WhiteElo "2579"]
[BlackElo "2527"]
[EventDate "2006.09.03"]

1. e4 c5 2. Nf3 d6 3. d4 cxd4 4. Nxd4 Nf6 5. Nc3 g6 6. Be3 Bg7 7. f3 a6 8.
Qd2 b5 9. g4 Bb7 10. O-O-O Nbd7 11. a3 Rc8 12. g5 Nh5 13. Bh3 O-O 14. Nce2
e6 15. Ng3 Ne5 16. Nxh5 gxh5 17. Qe2 Nc4 18. Kb1 Re8 19. Rhg1 Nxe3 20. Qxe3
Qb6 21. Rd3 Qc5 22. c3 a5 23. Nc2 Qxe3 24. Rxe3 Be5 25. Re2 Rcd8 26. Rd1
Rb8 27. Bf1 Ba8 28. Rf2 Bf4 29. Ne1 Kf8 30. Rg2 Red8 31. Nd3 Be3 32. Re1
Ba7 33. Nf4 h4 34. Nd3 d5 35. Rg4 dxe4 36. fxe4 Kg7 37. Kc2 Bc6 38. Ra1 Be3
39. Re1 Bb6 40. Ra1 Be3 41. Re1 Bb6 42. Be2 Rbc8 43. Rf1 Be8 44. Rxh4 Bc5
45. e5 b4 46. axb4 axb4 47. Nxb4 Bxb4 48. Rxb4 Rc5 49. Re4 Rdd5 50. h4 Rxe5
51. Rxe5 Rxe5 52. Bd3 h6 53. Rg1 Re3 54. b4 Ba4+ 55. Kd2 Rh3 56. c4 hxg5
57. hxg5 f5 58. gxf6+ Kxf6 59. b5 Ke5 60. Kc3 Kd6 61. Ra1 e5 62. Rxa4 e4
63. c5+ 1-0

[Event "59th ch-RUS 1st League"]
[Site "Tomsk RUS"]
[Date "2006.09.07"]
[Round "5"]
[White "Khairullin,I"]
[Black "Popov,Val"]
[Result "1/2-1/2"]
[WhiteElo "2538"]
[BlackElo "2578"]
[EventDate "2006.09.03"]

1. e4 c5 2. Nf3 d6 3. d4 cxd4 4. Nxd4 Nf6 5. Nc3 a6 6. Be3 Ng4 7. Bc1 Nf6
8. Be3 Ng4 9. Bg5 h6 10. Bh4 g5 11. Bg3 Bg7 12. h3 Ne5 13. f3 Nbc6 14. Bf2
Ng6 15. Qd2 Nxd4 16. Bxd4 Bxd4 17. Qxd4 Be6 18. h4 Qa5 19. hxg5 1/2-1/2

[Event "59th ch-RUS 1st League"]
[Site "Tomsk RUS"]
[Date "2006.09.07"]
[Round "5"]
[White "Zvjaginsev,V"]
[Black "Gochelashvili,D"]
[Result "1-0"]
[WhiteElo "2675"]
[BlackElo "2448"]
[EventDate "2006.09.03"]

1. e4 c5 2. Nf3 d6 3. c3 Nf6 4. h3 g6 5. Bd3 Bg7 6. Bc2 O-O 7. O-O Nc6 8.
Re1 e5 9. d3 h6 10. Nbd2 Be6 11. Nf1 Qc7 12. N3h2 d5 13. Qf3 h5 14. Qg3 b5
15. Nf3 d4 16. Ng5 Bd7 17. Bd2 Rad8 18. Rac1 Qb6 19. Bb3 Na5 20. cxd4 exd4
21. Bxa5 Qxa5 22. e5 Nh7 23. Nxf7 c4 24. Nxd8 cxb3 25. Nb7 Qxa2 26. e6 1-0

[Event "59th ch-RUS 1st League"]
[Site "Tomsk RUS"]
[Date "2006.09.07"]
[Round "5"]
[White "Shaposhnikov,E"]
[Black "Volkov,S1"]
[Result "0-1"]
[WhiteElo "2547"]
[BlackElo "2628"]
[EventDate "2006.09.03"]

1. c4 Nf6 2. Nc3 e5 3. a3 c6 4. Nf3 d6 5. d4 e4 6. Nd2 Bf5 7. e3 Be7 8. Qc2
d5 9. f3 Bd6 10. cxd5 cxd5 11. Bb5+ Nbd7 12. fxe4 dxe4 13. Nc4 Bc7 14. O-O
g6 15. Ne5 O-O 16. Nxd7 Nxd7 17. Nd5 Rc8 18. Nxc7 Rxc7 19. Qd1 Nb6 20. Bd2
Qd5 21. Be2 Rfc8 22. a4 Qd6 23. Ra3 Nd5 24. Rb3 Bd7 25. Qe1 Bxa4 26. Ra3 b5
27. Qf2 f5 28. Ra2 a6 29. Rfa1 Rc6 30. h3 Bc2 31. Ra3 Qe6 32. Qg3 Re8 33.
Kh2 Bd3 34. Bd1 Bc4 35. Rc1 f4 36. exf4 e3 37. Bg4 Qf6 38. Re1 b4 39. Ra5
Qxd4 40. Bd7 Rd6 41. Bc3 bxc3 42. Bxe8 cxb2 43. f5 Qf4 44. fxg6 Qxg3+ 45.
Kxg3 Nc3 46. gxh7+ Kxh7 47. Rc5 Ne4+ 0-1

[Event "59th ch-RUS 1st League"]
[Site "Tomsk RUS"]
[Date "2006.09.07"]
[Round "5"]
[White "Vorobiov,E"]
[Black "Korotylev,A"]
[Result "1/2-1/2"]
[WhiteElo "2539"]
[BlackElo "2613"]
[EventDate "2006.09.03"]

1. e4 e5 2. Bc4 Nf6 3. d3 Nc6 4. Nf3 Bc5 5. Nc3 d6 6. Bg5 h6 7. Bxf6 Qxf6
8. Nd5 Qd8 9. c3 Ne7 10. d4 Nxd5 11. dxc5 Nf6 12. cxd6 1/2-1/2

[Event "59th ch-RUS 1st League"]
[Site "Tomsk RUS"]
[Date "2006.09.07"]
[Round "5"]
[White "Andreikin,D"]
[Black "Lastin,A"]
[Result "0-1"]
[WhiteElo "2503"]
[BlackElo "2613"]
[EventDate "2006.09.03"]

1. Nf3 Nf6 2. c4 e6 3. g3 d5 4. Bg2 dxc4 5. Qa4+ c6 6. Qxc4 b5 7. Qc2 Bb7
8. Nc3 Nbd7 9. O-O Rc8 10. d4 c5 11. Nxb5 Qb6 12. Na3 cxd4 13. Qa4 Bc5 14.
Rd1 d3 15. e3 O-O 16. Nc4 Qc7 17. b3 Bc6 18. Qa6 Bb4 19. Bd2 Nc5 20. Qxc8
Rxc8 21. Bxb4 Be4 22. Rac1 Qb8 23. Ba3 Nfd7 24. Ne1 f5 25. Bf1 h6 26. Nxd3
Nxd3 27. Bxd3 Bf3 28. Bxf5 Nf8 29. Bxf8 exf5 30. Bd6 Qa8 31. Rd4 Bh1 32.
Kf1 Bg2+ 33. Ke1 Bh3 34. e4 fxe4 35. Bf4 Qb7 36. Kd2 Qa6 37. Rc2 Bf1 38. a4
Bd3 39. Rc1 Qf6 40. Be3 Rb8 41. Kc3 Bxc4 42. bxc4 Qf8 43. Kc2 Rb4 44. Rcd1
Kh7 45. Kd2 Rxa4 46. Ke1 Ra2 47. R4d2 Qb4 48. c5 Rxd2 49. Rxd2 a5 50. Kf1
a4 51. Kg2 a3 52. Rd7 Qa4 53. c6 Qxc6 54. Ra7 Qc3 55. h4 Qb2 56. Rd7 a2 57.
Bd4 a1=Q 58. Rxg7+ Kh8 59. Bxb2 Qxb2 60. Re7 Qe2 61. Rf7 Qa2 62. Rf4 e3 63.
Kf1 Qa6+ 64. Ke1 Qd3 65. fxe3 Qxe3+ 66. Kf1 Qxg3 67. Rf2 Qxh4 68. Kg1 Kg7
69. Ra2 Qe1+ 70. Kh2 Kg6 71. Rg2+ Kf5 72. Ra2 Qh4+ 73. Kg1 Qd4+ 74. Kh1
Qd5+ 75. Rg2 Kf4 76. Kh2 Kf3 77. Kg1 h5 78. Kh2 h4 79. Kh1 h3 80. Rg1 Kf2+
81. Kh2 Qe5+ 82. Kh1 Qe4+ 83. Kh2 Qf4+ 84. Kh1 Qf3+ 85. Kh2 Qg2+ 0-1

[Event "59th ch-RUS 1st League"]
[Site "Tomsk RUS"]
[Date "2006.09.07"]
[Round "5"]
[White "Yevseev,D"]
[Black "Yudin,S"]
[Result "0-1"]
[WhiteElo "2572"]
[BlackElo "2475"]
[EventDate "2006.09.03"]

1. d4 d5 2. c4 e6 3. Nc3 c6 4. e4 dxe4 5. Nxe4 Bb4+ 6. Bd2 Qxd4 7. Bxb4
Qxe4+ 8. Be2 Na6 9. Bd6 Qxg2 10. Qd2 Nf6 11. Bf3 Qg6 12. Ne2 e5 13. Rg1 Qf5
14. Qe3 e4 15. Bh1 Be6 16. O-O-O Ng4 17. Qd4 Qxf2 18. Qxg7 O-O-O 19. Rxg4
Qe3+ 20. Rd2 Rxd6 21. Qxh8+ Kc7 22. Qc3 Qxd2+ 23. Qxd2 Rxd2 24. Rxe4 Rd7
25. Rh4 Bf5 26. Be4 Bg6 27. Bxg6 hxg6 28. Nc3 Nc5 29. Kc2 Ne6 30. Rh8 Kd6
31. b4 Ke5 32. c5 f5 33. a4 Rd4 34. b5 Nxc5 35. bxc6 bxc6 36. Re8+ Kf6 37.
Rc8 Nxa4 38. Rxc6+ Kg5 39. Nb5 Rb4 40. Nxa7 Rb2+ 41. Kd3 Rxh2 42. Nb5 Nb2+
43. Ke3 Nd1+ 44. Kf3 Rf2+ 45. Kg3 f4+ 46. Kh3 Kh5 47. Rc8 Rd2 0-1

[Event "59th ch-RUS 1st League"]
[Site "Tomsk RUS"]
[Date "2006.09.07"]
[Round "5"]
[White "Galkin,A"]
[Black "Anisimov,P"]
[Result "1-0"]
[WhiteElo "2600"]
[BlackElo "2515"]
[EventDate "2006.09.03"]

1. e4 c5 2. Nf3 d6 3. d4 cxd4 4. Nxd4 Nf6 5. Nc3 a6 6. Be2 e5 7. Nb3 Be7 8.
O-O O-O 9. Kh1 Nc6 10. f3 b5 11. Qd2 Qc7 12. a4 b4 13. Nd5 Nxd5 14. exd5
Nd4 15. Nxd4 exd4 16. Qxd4 Bf5 17. Bd3 Bxd3 18. Qxd3 Rfc8 19. Re1 Bf6 20.
Bd2 Bxb2 21. Rab1 Bc3 22. Bxc3 bxc3 23. Re4 g6 24. Rbe1 Qd7 25. Qd4 Rab8
26. h4 Qf5 27. Kh2 a5 28. R1e3 Qh5 29. Kh3 Rf8 30. Rxc3 Rb4 31. Rc4 Qf5+
32. Kg3 Rxc4 33. Qxc4 Rc8 34. Qd4 h5 35. c4 Qd7 36. Qf6 Qxa4 37. c5 Qb3 38.
Qxd6 a4 39. c6 a3 40. c7 Qb7 41. Qd8+ Kg7 42. d6 Qa6 43. Rf4 a2 44. Qf6+
Kh6 45. Qg5+ Kg7 46. Qe5+ Kg8 47. d7 1-0

[Event "59th ch-RUS 1st League"]
[Site "Tomsk RUS"]
[Date "2006.09.07"]
[Round "5"]
[White "Amonatov,F"]
[Black "Yemelin,V"]
[Result "1/2-1/2"]
[WhiteElo "2542"]
[BlackElo "2516"]
[EventDate "2006.09.03"]

1. e4 e5 2. Nf3 Nc6 3. Bb5 Nf6 4. d3 d6 5. c3 g6 6. O-O Bg7 7. Re1 O-O 8.
Nbd2 Nb8 9. d4 Nbd7 10. Nf1 a6 11. Bd3 Re8 12. Ng3 c5 13. d5 b5 14. a4 c4
15. Bc2 Rb8 16. h3 Nc5 17. axb5 axb5 18. Bg5 Bd7 19. Qd2 Ra8 20. Bh6 Qe7
21. Be3 Rec8 22. Nh2 h5 23. Bg5 Qf8 24. Nf3 Rxa1 25. Rxa1 Ra8 26. Qc1 Nh7
27. Be3 Qd8 28. Qb1 Ra5 29. Ra3 Rxa3 30. bxa3 Bf6 31. Qb4 Qc7 32. Nf1 Be7
33. N1d2 Na6 34. Qb2 g5 35. Nh2 g4 36. hxg4 hxg4 37. Bd1 g3 38. fxg3 Bg5
39. Bxg5 Qa7+ 40. Kh1 Nxg5 41. Nhf3 Qf2 42. Nxg5 Qe1+ 43. Kh2 Qxd1 44. Ndf3
Nc5 45. Qf2 Kg7 46. g4 Qc1 47. Qh4 Qf4+ 48. g3 Qf6 49. Qh7+ Kf8 50. Qh5 Qg6
51. Kg2 Qxh5 52. gxh5 f6 53. Ne6+ Nxe6 54. dxe6 Bxe6 55. Nh2 Kg7 56. g4 Kh6
57. Kg3 Bd7 58. Nf1 Bc6 59. Kf3 f5 60. gxf5 Kxh5 61. Ke3 Kg5 62. Ng3 d5 63.
exd5 Bxd5 64. Ne2 Kxf5 65. Ng3+ Kg4 66. Ne4 Bc6 67. Nc5 Kg3 68. Na6 Kg2 69.
Nb4 Bb7 70. Nc2 Kf1 71. Kd2 Kf2 72. Ne3 Kf3 1/2-1/2

[Event "59th ch-RUS 1st League"]
[Site "Tomsk RUS"]
[Date "2006.09.07"]
[Round "5"]
[White "Chernyshov,K"]
[Black "Kabanov,N"]
[Result "0-1"]
[WhiteElo "2537"]
[BlackElo "2514"]
[EventDate "2006.09.03"]

1. d4 d6 2. Nc3 e5 3. Nf3 exd4 4. Nxd4 Nf6 5. e4 Be7 6. Be2 O-O 7. O-O Re8
8. f4 Bf8 9. Bf3 Nbd7 10. Kh1 c6 11. Nf5 Nb6 12. Ne3 Nbd7 13. Re1 Nc5 14.
Nf1 d5 15. exd5 Rxe1 16. Qxe1 cxd5 17. Be3 Bf5 18. Bd4 Ne6 19. Bxf6 Qxf6
20. Nxd5 Qxb2 21. Rb1 Qxa2 22. Nfe3 Nd4 23. Nxf5 Nxf5 24. Nc3 Qc4 25. Bd5
Qxf4 26. Rxb7 Nd6 27. Rxf7 Nxf7 28. Bxa8 Ne5 29. g3 Qd4 30. Ne4 Bc5 31. Kg2
Bb6 32. Ng5 g6 33. c4 Qe3 34. Bd5+ Kg7 35. Ne6+ Kf6 36. Qf1+ Ke7 37. Qf8+
Kd7 38. Kh3 Nd3 39. Qg7+ Kd6 40. Qxh7 Nf2+ 41. Kh4 Qxe6 0-1